000 00452nam a2200181Ia 4500
001 909
005 20260306140553.0
008 260306t2006||||xx |||||||||||||| ||spa||
041 _aESP
082 _a174
_bP27
100 _aPassaniti, Daniel
_eAUT
245 0 _aÉtica y economía:
_ba la luz de la doctrina social de la iglesia
260 _c2006
300 _a272 páginas :
_c23 cm.
650 _aGEN
654 _aCHU
942 _cLIB
_dJUS
_fJUS
_2ddc
_n
999 _c909
_d909